[Event "NED-chT playoff"]
[Site "Enschede"]
[Date "2004.05.21"]
[Round "2"]
[White "Hausrath, Daniel"]
[Black "Van den Doel, Erik"]
[Result "0-1"]
[WhiteElo "2452"]
[BlackElo "2599"]
[Annotator "Mueller,Karsten"]
[PlyCount "212"]
[EventDate "2004.05.20"]
[EventType "team"]
[EventRounds "2"]
[EventCountry "NED"]
[SourceTitle "CBM 101"]
[Source "ChessBase"]
[SourceDate "2004.07.27"]
[SourceVersion "1"]
[SourceVersionDate "2004.07.27"]
[SourceQuality "1"]

1. Nf3 d5 2. g3 Nf6 3. Bg2 e6 4. d4 b5 5. O-O Bb7 6. c3 a5 7. Bg5 Be7 8. Bxf6
Bxf6 9. e4 O-O 10. Re1 Nd7 11. Nbd2 c5 12. exd5 Bxd5 13. Ne4 Qc7 14. Nxf6+ Nxf6
15. a4 bxa4 16. dxc5 Rab8 17. Qxa4 Rxb2 18. Nd4 Bxg2 19. Kxg2 Qxc5 20. Qxa5 Qc8
21. Re2 Qb7+ 22. Kg1 h6 23. Rxb2 Qxb2 24. Qa3 Qb7 25. Qb4 Qe4 26. Qd6 Rc8 27.
Qa6 Rxc3 28. Qa8+ Qxa8 29. Rxa8+ Kh7 30. Ra2 g5 31. h3 h5 32. Kg2 g4 33. hxg4
hxg4 34. Ne2 Rc4 35. Ra7 Kg8 36. Nf4 Ne4 37. Ra2 Ng5 38. Kf1 Kg7 39. Ke2 Rc3
40. Nd3 Nf3 41. Ne1 Ng5 42. Ng2 Rb3 43. Ne3 f5 44. Rc2 Kf6 45. Ra2 Nf3 46. Nc4
Rc3 47. Ne3 Ke5 48. Ra6 Rb3 49. Nc2 Rb5 50. Kd3 Ng5 51. Ne3 Rb3+ 52. Ke2 Rb2+
53. Kf1 Rb1+ 54. Ke2 Ne4 55. Rc6 Ng5 56. Ra6 Nf3 57. Ra4 Rb2+ 58. Kf1 Nd2+ 59.
Ke1 Kf6 60. Ra6 Ne4 61. Nd5+ Kf7 62. Ra7+ Kg6 63. Ra6 Ng5 64. Nf4+ Kf6 65. Kf1
Rc2 66. Rb6 Ra2 67. Nd5+ Kf7 68. Rb7+ Ke8 69. Nc3 Rc2 70. Nd1 Ne4 71. Rb2 Rc6
72. Ke2 Ke7 73. Ne3 Kf6 74. Rb4 Ng5 75. Rf4 Nh3 76. Rc4 Ra6 77. Rc1 e5 78. Rc8
Ra2+ 79. Rc2 Ng1+ 80. Kd2 Nf3+ 81. Kc3 Ra6 82. Rb2 Nd4 83. Rb6+ {[%mdl 4096]
before going in for such simplifications, one should be sure, since the
drawing potential of the rook cannot be resurrected (rook endings are
extremely drawish). But Hausrath was correct in evaluating the knight ending
as drawn.  vor solchen Abwicklungen sollte man sich absolut sicher sein, denn
das Remispotenzial des Turmes kommt nicht mehr zurück (Turmendspiele sind
recht remisträchtig). Doch Hausrath hat das Springerendspiel zurecht als remis
eingeschätzt.} Rxb6 84. Nd5+ Ke6 85. Nxb6 Nf3 86. Kd3 Ng5 87. Ke3 Nf3 88. Nc4
Kd5 89. Nb6+ Kc5 90. Nd7+ Kc4 91. Nb6+ Kc3 92. Nd5+ Kc2 93. Ne7 Nd4 94. Nd5 $2
{After this move, the flanking by the black king proves successful. danach hat
die Umgehung des schwarzen Königs Erfolg.} ({The counterattack Der Gegenangriff
} 94. Ng6 {would have saved White hätte Weiß gerettet} Nc6 95. f3 gxf3 (95...
Kd1 96. fxg4 fxg4 97. Ke4 Ke2 98. Kd5 $11) 96. Kxf3 Kd3 (96... e4+ 97. Kf4 Kd3
98. Kxf5 e3 99. Nf4+ $11) 97. Nxe5+ Nxe5+ 98. Kf4 $11) 94... Kd1 95. Ne7 (95.
Nf6 Ke1 96. Nh5 (96. Nd7 Nc2+ 97. Kd3 Nb4+ 98. Kc4 Kxf2 99. Nxe5 Kxg3 100. Kxb4
f4 101. Kc3 f3 102. Nc4 f2 103. Nd2 Kg2 $19) 96... Ne2 97. Nf6 Nc3 98. Kd3 Ne4
99. Nd5 Kxf2 $19) 95... Ke1 96. Ng6 (96. Nd5 Nc2+ 97. Kd3 Kxf2 98. Kxc2 Kxg3
99. Kd2 Kf2 100. Nc3 g3 101. Nd1+ Kf3 $19) 96... Nc2+ 97. Kd3 Nb4+ 98. Kc4 Nc6
99. Kd5 (99. Nh4 Kxf2 100. Nxf5 e4 101. Kd5 e3 $19) 99... Kxf2 100. Kxc6 (100.
Ke6 Kxg3 101. Kxf5 Kh3 $19 {[%cal Gg4g1]}) 100... e4 101. Kd5 (101. Ne5 e3 102.
Nd3+ Kxg3 103. Kd5 e2 104. Kd4 f4 105. Kc3 e1=Q+ 106. Nxe1 f3 107. Nc2 f2 108.
Ne3 Kf3 109. Kd3 g3 110. Kd2 g2 $19) 101... e3 102. Kd4 (102. Nf4 e2 103. Nd3+
Ke3 104. Ne1 (104. Kc4 Kd2 $19) 104... Kd2 105. Ng2 e1=Q 106. Nxe1 Kxe1 107.
Ke5 Kf2 $19) 102... e2 103. Nf4 e1=Q 104. Nd3+ Kf1 105. Nxe1 Kxe1 106. Ke3 Kf1
(106... Kf1 107. Kf4 Kg2 108. Kxf5 Kxg3 $19) 0-1

[Event "RUS-ch"]
[Site "Elista"]
[Date "1994.??.??"]
[Round "7"]
[White "Ionov, Sergey"]
[Black "Notkin, Maksim"]
[Result "1-0"]
[WhiteElo "2530"]
[BlackElo "2460"]
[Annotator "Notkin,M"]
[PlyCount "89"]
[EventDate "1994.09.??"]
[EventType "swiss"]
[EventRounds "11"]
[EventCountry "RUS"]
[SourceTitle "CBM 044"]
[Source "ChessBase"]
[SourceDate "1995.02.01"]
[SourceVersion "1"]
[SourceVersionDate "1995.02.01"]
[SourceQuality "1"]

1. Nf3 Nf6 2. d4 e6 3. g3 b5 4. Bg2 Bb7 5. Bg5 Be7 6. O-O a6 (6... c5 7. c3 Na6
8. Nbd2 O-O 9. e3 Rb8 10. a3 Ne4 $10 {Petrosian,T-Portisch,L/Varese(m/4)/1976/}
) 7. Nbd2 O-O (7... c5 8. Bxf6 Bxf6 9. dxc5 Bxb2 $2 (9... Qc7 $10) 10. Rb1 Bf6
11. Nc4 bxc4 12. Rxb7 Qc8 13. Nd2 $16) (7... d6 $5 {Nbd7,c5/}) 8. c4 (8. c3 d6
9. a4 Nbd7 10. e3 c5 11. Ne1 Qb6 12. Bxb7 Qxb7 13. Bxf6 Nxf6 14. Nef3 $10 {
Alvarez Ibarra,R-Topalov,V/ESP/1991/0:1 (42)}) 8... h6 (8... bxc4 9. Nxc4 $14)
(8... d6 9. Qc2 Nbd7 10. e4 bxc4 (10... h6 11. Bxf6 Nxf6 12. b3 $14) 11. e5
dxe5 12. dxe5 Nd5 13. Bxe7 Qxe7 14. Nxc4 $14) 9. Bxf6 (9. Bf4 Nh5 10. Be3 f5
$13) 9... Bxf6 10. Qc2 d6 11. e3 (11. Ng5 $2 hxg5 12. Bxb7 Ra7 13. Bg2 Bxd4)
11... Qc8 12. Rac1 c5 13. dxc5 dxc5 $6 (13... Qxc5 14. Ng5 (14. a3 $5 bxc4 $2 (
14... Nd7 15. b4 Qc8 16. Ne4 $16) (14... Rc8 $5 $13) 15. Nxc4 Bxf3 16. Bxf3 d5
17. b4 $1 $16) 14... hxg5 15. Bxb7 Ra7 16. Bf3 (16. Ne4 Qxc4) 16... bxc4 17.
Nxc4 d5 $10) 14. Ne4 Bxe4 15. Qxe4 Ra7 (15... Nd7 $5) 16. b3 Rd8 17. h4 $5 Qb7
$2 (17... h5 18. Ne5 $36) (17... Nd7 18. g4 g6 19. g5 hxg5 20. hxg5 Bg7 21. Bh3
$16) 18. Qxb7 $2 (18. Qc2 Qe7 19. cxb5 axb5 20. Qxc5 Qxc5 21. Rxc5 b4 22. Rc4
$1 $16) 18... Rxb7 19. cxb5 Rxb5 20. Rfd1 Rxd1+ 21. Rxd1 a5 $2 (21... Kf8 $14)
22. Nd2 Rb4 23. Rc1 Be7 24. Nc4 a4 25. bxa4 Rxa4 26. a3 h5 27. Kf1 Ra7 $2 (
27... Nd7 28. f4 $1 $16) (27... Kf8 $16) 28. Rb1 Nd7 29. Bc6 $1 (29. Rb7 Rxb7
30. Bxb7 Bd8) 29... Rc7 30. Bxd7 Rxd7 31. Rb8+ Kh7 32. a4 (32. Ke2 $3) 32...
Rd1+ 33. Ke2 Rc1 34. Kd3 Bf6 35. Rb3 $18 Rd1+ 36. Ke2 Rc1 37. Kd3 Rd1+ 38. Kc2
Rf1 39. f4 Rf2+ 40. Kd3 Bd8 41. Rb8 Bf6 42. Rb3 Bd8 43. Ra3 e5 44. Nxe5 Ba5 45.
Nc4 1-0

[Event "San Marino op 2nd"]
[Site "San Marino"]
[Date "2006.06.07"]
[Round "3"]
[White "Payen, Arnaud"]
[Black "Epishin, Vladimir"]
[Result "1/2-1/2"]
[WhiteElo "2408"]
[BlackElo "2565"]
[Annotator "Payen,A"]
[PlyCount "92"]
[EventDate "2006.06.06"]
[EventType "swiss"]
[EventRounds "9"]
[EventCountry "SMR"]
[SourceTitle "EXT 2017"]
[Source "ChessBase"]
[SourceDate "2016.10.25"]
[SourceVersion "1"]
[SourceVersionDate "2016.10.25"]
[SourceQuality "1"]

1. d4 Nf6 2. Nf3 e6 3. e3 d6 (3... c5) (3... b6) (3... d5) 4. Bd3 Nbd7 5. c4 g6
6. Nc3 Bg7 7. b3 {[%cal Gc1a3]} O-O 8. a4 e5 9. Be2 Re8 10. Ba3 exd4 11. exd4
Nf8 12. O-O h6 13. Qd2 g5 14. Ne1 Bf5 {[%csl Ge4]} 15. Bd3 Ne4 16. Nxe4 Bxe4
17. Nc2 Bxd3 18. Qxd3 Ne6 {[%cal Ge6d4,Ge6f4]} 19. g3 c5 20. d5 Nd4 (20... Bxa1
21. dxe6 (21. Rxa1 Ng7 22. Bb2 g4 23. Qc3 Qg5 24. Ne3 Re5 25. Qd3 Re7 26. Qc3
f5) 21... Bg7 22. exf7+ Kxf7 23. Qd5+ Kf8 24. b4 b6 25. f4 g4 26. Qf5+ Qf6 27.
Qxg4) 21. Rae1 Qd7 22. Kg2 Qf5 23. Qxf5 Nxf5 24. Kf3 Bc3 25. Re4 Kg7 26. Rb1
Kg6 27. Bb2 Ba5 28. Rd1 h5 29. h3 Nh6 30. Ke3 g4 31. h4 Rxe4+ 32. Kxe4 f5+ 33.
Kd3 f4 34. b4 Bxb4 35. Nxb4 cxb4 36. Re1 fxg3 37. Re6+ Kh7 38. fxg3 Rf8 39.
Rxd6 Rf3+ 40. Kd2 Nf5 41. Rd7+ Kg6 42. Be5 Nxg3 43. Bxg3 Rxg3 44. Rxb7 a5 45.
d6 Kf6 46. Re7 Rg2+ 1/2-1/2

[Event "Dortmunder Schachtage-A 18th"]
[Site "Dortmund"]
[Date "1990.04.11"]
[Round "6"]
[White "Polgar, Zsuzsa"]
[Black "Browne, Walter Shawn"]
[Result "1/2-1/2"]
[WhiteElo "2500"]
[BlackElo "2560"]
[Annotator "Polgar,Zsu"]
[PlyCount "115"]
[EventDate "1990.04.05"]
[EventType "tourn"]
[EventRounds "11"]
[EventCountry "GER"]
[EventCategory "13"]
[SourceTitle "CBM 018"]
[Source "ChessBase"]
[SourceDate "1990.10.01"]
[SourceVersion "1"]
[SourceVersionDate "1990.10.01"]
[SourceQuality "1"]

1. d4 Nf6 2. Nf3 e6 3. Bf4 c5 4. e3 Qb6 5. Nc3 a6 (5... Qxb2 6. Nb5 Na6 7. a3
$1 {threateninig 8.Bc4,Ra2 and 8.Nd2-c4 +-}) (5... Na6 6. a3 $1 Be7 7. Ne5 cxd4
8. exd4 Qd8 9. Bxa6 $1 bxa6 10. Qf3 d5 11. Nc6 Qb6 12. Nxe7 Kxe7 13. O-O-O {
clear advantage for White in Polgar,Zsuzsa-Chandler, Biel 1987.}) 6. a3 Nh5 $6
(6... Nc6 7. h3 d5 8. dxc5 Qxc5 9. Bd3 b5 10. O-O Bb7 11. e4 Rd8 12. e5 Ne4 13.
Ne2 h6 14. c3 Qb6 15. b4 $16 {Braga-Tatai,Rome 1988.}) 7. Bg5 h6 8. Bh4 g5 $6
9. Ne5 $1 gxh4 $2 {Consequent but bad.} (9... Nf6 10. Bg3 $16) (9... Nf4 10.
exf4 gxh4 11. Nc4 {and d5 next much better for White.}) 10. Qxh5 $1 (10. Nxf7
$2 Rh7) (10. Nc4 Qc7 11. Qxh5 $14) 10... Qxb2 {Diagram} 11. Qxf7+ (11. Nd1 $1
Qxa1 12. Nxf7 $1 (12. Qxf7+ Kd8 13. Qf6+ Kc7 14. Qxh8 {see later}) 12... Rh7
13. Nd6+ Ke7 (13... Kd8 14. Qe8+ Kc7 15. Qxc8+ Kxd6 16. Qxc5# {Mate!}) 14. dxc5
$18 Qg7 15. Qe8+ Kf6 16. Ne4+ Ke5 17. Qh5+ Kxe4 18. Bd3# {Mate.}) 11... Kd8 12.
Qf6+ Kc7 13. Kd2 $2 (13. Nd1 $1 Qxa1 14. Qxh8 Be7 (14... Bd6 $2 15. Nc4 Be7 16.
Nb6 $1 $18) 15. Qg7 $18) 13... cxd4 $1 (13... Qxa1 $2 14. Bxa6 $3 Qxh1 15. Nb5+
Kb6 16. Nc4+ $1 Kxa6 17. Qd8 $1 Kxb5 18. Qb6+ Kxc4 19. Qb3# {A beautifull mate,
isn`t it?White is two Rooks,two Bishops and a Knight up !!}) 14. exd4 Qxa1 {
When I have entered to this complications my intention was to play here 16.Ba6
Qa1 17.Nb5 Kb6 18.Nc4 Ka6 19.Nc7 Ka7 20.Nb5 and to make a beautifull perpetual
check,just for the spectators.In the last moment I changed my mind...} 15. Nc4
{...thinking that I can play for a win,but it`s too late.Now I am threatening
16.Nd5 ed5 17.Qb6 or 16...Kc6 17.Na5 Kd5 18.Qe5 mate.} Nc6 16. d5 Bxa3 $1 (
16... Rg8 17. Nb5+ (17. dxc6 Bg7) 17... axb5 18. Qxa1 bxc4 19. dxc6 Bg7 20. Qe1
d5 {unclear}) 17. Nxa3 Qxa3 18. Qxh8 Qd6 (18... exd5 19. Nxd5+ Kb8 20. Qxh6
Qa5+ 21. Nc3 d5 $2 22. Qd6+) 19. Qxh6 exd5 20. Qxd6+ (20. Qxh4 $6 d4) 20...
Kxd6 21. g3 (21. Na4 b5 22. Nb6 Rb8 23. Nxc8+ Rxc8 $17) 21... b5 22. Bg2 {
I should have played} (22. gxh4 $1 {and quickly Rg1}) 22... Bb7 23. f4 $2 (23.
Nxd5 $1 h3 (23... Ne5 24. Ne3) 24. Be4 Re8 (24... Ne7 25. Nc3) 25. f3 Ne5 26.
Nf6 Rf8 27. Bxb7 Rxf6 28. f4 Nc4+ 29. Kc3) 23... Na5 24. Kc1 Nc4 (24... Rc8 $5)
25. Bf3 Re8 26. Rd1 Ne3 27. Rd3 Kc5 28. gxh4 (28. g4 Bc6 {and d4 next is
unpleasent.}) 28... Bc6 29. Ne2 Nf5 30. h5 d4 31. Ng3 Nh6 32. f5 Rf8 33. Kb2 b4
34. Be4 Bxe4 (34... a5 $5 {We both were in heavy timepressure.}) 35. Nxe4+ Kd5
36. Ng3 Ke5 (36... Nxf5 $2 37. Rf3 Ke5 38. h6 $18) 37. Rf3 a5 38. Kb3 Ng4 39.
h3 Nf6 40. Rf1 (40. Ka4 $1) 40... d5 41. Rd1 $6 (41. Ka4) 41... Ne4 42. Ne2
Nc5+ (42... Nc3 43. Re1) 43. Kb2 (43. Ka2 $2 b3+ $1 44. cxb3 d3 $19) 43... d3
44. cxd3 d4 45. h6 Rxf5 (45... a4 $5 46. Rf1 a3+ (46... Nxd3+ 47. Kb1) 47. Ka2
Ra8 48. Nc1) 46. Rg1 Rh5 47. h7 Rxh7 48. Rg5+ Kd6 49. Nxd4 Nxd3+ (49... a4) 50.
Kb3 Ne5 51. h4 Rf7 52. Ka4 Rf4 53. Nb3 Rxh4 54. Nxa5 Nd3 55. Rg3 Nc5+ 56. Kb5
Ne4 57. Rg6+ Kd5 58. Kxb4 1/2-1/2

[Event "World Youth Stars 3rd"]
[Site "Kirishi"]
[Date "2005.05.24"]
[Round "10"]
[White "Kuzubov, Yuriy"]
[Black "Zhigalko, Sergei"]
[Result "1-0"]
[WhiteElo "2558"]
[BlackElo "2462"]
[Annotator "Postny,E"]
[PlyCount "77"]
[EventDate "2005.05.14"]
[EventType "tourn"]
[EventRounds "11"]
[EventCountry "RUS"]
[EventCategory "10"]
[SourceTitle "CBM 107"]
[Source "ChessBase"]
[SourceDate "2005.08.01"]
[SourceVersion "1"]
[SourceVersionDate "2005.08.01"]
[SourceQuality "1"]

1. d4 Nf6 2. Nf3 e6 3. Bg5 c5 4. c3 h6 5. Bxf6 {White exchanges the bishop in
order to seize space in the centre.} Qxf6 6. e4 cxd4 7. cxd4 Bb4+ 8. Nc3 Nc6 (
8... O-O 9. Rc1 Nc6 10. a3 Ba5 11. b4 Bb6 12. e5 Qd8 13. Ne4 d5 14. Nc5 f6 15.
Be2 fxe5 16. dxe5 a5 $132 {1-0 Miles,A-Kasparov,G/Internet ICC blitz 1998 (76)}
) 9. a3 (9. Rc1 d5 10. e5 Qd8 11. a3 Be7 12. Bd3 Bd7 13. b4 Rc8 14. O-O a6 15.
Qb3 b5 16. Ne2 Qb6 17. Rc3 O-O 18. Bb1 g6 19. Rfc1 a5 20. Rc5 axb4 21. axb4 Ra8
{1/2-1/2 Ward,C-Psakhis,L/Isle of Man 1999}) 9... Bxc3+ 10. bxc3 {White has
advantage in space, but black's position is out of weaknesses.} d5 $2 {[%mdl
16384] In my opinion a serious strategical mistake. After the exchange of the
dark-squared bishops it's recommended to place pawns on the dark squares.
Namely: the plan with d7-d6 followed by e6-e5 was clearly stronger.} (10... d6
11. Bd3 O-O 12. O-O e5 13. d5 Ne7 14. Nd2 Ng6 15. Nc4 Nf4 16. Ne3 Bd7 17. Rb1
Nxd3 18. Qxd3 b6 $15 {0-1 Levay,M-Johansson,L/Hallsberg 1975 (32)}) 11. Bd3
dxe4 ({After} 11... O-O {White can close the centre by} 12. e5 {and then start
an offensive against the black king.}) 12. Bxe4 O-O 13. O-O e5 $6 {This is
quite optimistic. Black obviously underestimated the power of white's d-pawn.}
(13... Bd7 $14) 14. d5 Na5 $2 {Black is already experiencing serious problems,
but the move in the text is losing nearly by force!} (14... Rd8 15. Qe1 $1 Ne7
16. c4 {[%csl Re5][%cal Ye1c3]}) (14... Nb8 15. Re1 {[%cal Gf3e5]} Nd7 16. d6 {
In both cases White has strong initiative, but this was the least of the evils
for black.}) 15. Qa4 b6 16. Rfe1 {[%cal Gf3e5]} g6 17. d6 Bb7 18. d7 $1 {
There is nothing that black can do against this mighty pawn.} Bc6 19. Bxc6 Qxc6
$6 {In the forthcoming endgame black has no chance at all.} ({More stubborn
would have been} 19... Nxc6 20. Rad1 Rfd8 21. Rd5 $18) 20. Qxc6 Nxc6 21. Nxe5
Nxe5 22. Rxe5 Rfd8 23. Re7 Kg7 24. Rae1 Rab8 25. Re8 Kf6 26. a4 a5 27. h4 Ra8 {
Black can only wait and see untill white will improve his position to a
maximum.} 28. g4 Rab8 29. Kg2 Ra8 30. Kg3 Rab8 31. f4 Ra8 32. g5+ hxg5 33.
hxg5+ Kg7 34. c4 Rab8 35. Kg4 Ra8 36. f5 gxf5+ 37. Kxf5 Rab8 38. Rxd8 Rxd8 39.
Rd1 {Zugzwang puts an end to black's suffering.} 1-0

[Event "Moscow Aeroflot op-A"]
[Site "Moscow"]
[Date "2005.02.19"]
[Round "5"]
[White "Mamedyarov, Shakhriyar"]
[Black "Anastasian, Ashot"]
[Result "1/2-1/2"]
[WhiteElo "2657"]
[BlackElo "2568"]
[Annotator "Postny,E"]
[PlyCount "88"]
[EventDate "2005.02.15"]
[EventType "swiss"]
[EventRounds "9"]
[EventCountry "RUS"]
[SourceTitle "CBM 106"]
[Source "ChessBase"]
[SourceDate "2005.06.06"]
[SourceVersion "1"]
[SourceVersionDate "2005.06.06"]
[SourceQuality "1"]

1. d4 e6 2. Nf3 Nf6 3. Bg5 h6 (3... c5 4. e3 h6 5. Bh4 cxd4 6. exd4 b6 7. Bxf6
Qxf6 8. g3 Nc6 9. c3 g5 10. Nbd2 Bb7 11. Bg2 O-O-O $13 {0-1 Morozevich,A-Anand,
V/Wijk aan Zee 2005/CBM 105 [Postny,E] (41)}) 4. Bh4 ({More aggressive is} 4.
Bxf6 Qxf6 5. e4 {0-1 Macieja,B-Anand,V/Mallorca 2004/CBM 104 [Postny,E] (39)})
4... Be7 5. Nbd2 {This opening setup is extremely solid, but black can
equalize easily.} c5 6. e3 cxd4 7. exd4 b6 8. Bd3 Bb7 9. c3 d6 {This scheme is
the most flexible for black.} 10. O-O Nbd7 11. Re1 O-O 12. Bxf6 {There is no
reason to exchange this bishop so early, but the position is equal in any case.
} (12. a4 a6 13. Qe2 Nh5 14. Bg3 Ndf6 15. Nf1 Qc8 16. N3d2 Re8 17. Ne4 Nxe4 18.
Bxe4 Bxe4 19. Qxe4 d5 20. Qe2 Nxg3 21. hxg3 Qc6 $15 {1/2-1/2 Speelman,
J-Macieja,B/New Delhi/Teheran 2000/CBM 080 (30)}) 12... Nxf6 13. Ne4 (13. Qe2
Qc7 14. Rac1 Rac8 15. g3 Qb8 16. Nh4 Rc7 17. f4 Qc8 18. Nhf3 a6 19. a4 Re8 20.
Ne4 Nd5 $11 {1/2-1/2 Staller,P-Paehtz,T/Germany 1998/EXT 2000 (41)}) 13... Qc7
14. Nxf6+ Bxf6 15. Bc2 $146 (15. Be4 Rad8 16. Bxb7 Qxb7 17. Nd2 e5 18. Ne4 Be7
19. Ng3 Rfe8 20. Qg4 Bf6 21. Nh5 Qe7 $11 {1/2-1/2 Fernandez Novas,L-Liascovich,
L/Buenos Aires 1997/EXT 2002 (27)}) 15... g6 (15... Qc6 $2 16. Qd3 g6 17. Rxe6
$1 fxe6 18. Qxg6+ Bg7 19. Qh7+ Kf7 20. Re1 $1 {and white's attack is very
strong.}) 16. Re3 Rae8 17. Qe2 Re7 18. Re1 a6 {Preparing a pawn minority
attack on the queenside.} 19. h4 $6 {This is a bit too optimistic. The
forthcoming exchange of the side pawns favours black.} (19. Be4 $11) 19... Bxf3
20. Rxf3 Bxh4 21. Qxa6 Kg7 {Black has slightly preferable chances , because
his king is better protected than his counterpart.} 22. Bb3 e5 23. dxe5 dxe5 {
[%cal Ge5e4]} 24. Re4 Bg5 25. Rd3 Qc6 (25... f5 $6 26. Rc4 {and black's queen
has no good place to retreat.}) 26. Qa4 Qxa4 27. Rxa4 Bc1 $15 {[%csl Rb2]} 28.
Bd5 Bxb2 29. Rb4 e4 30. Rxe4 (30. Bxe4 $6 Ba3 31. Rc4 Bc5 {and white's
defensive task won't be easy.}) 30... Rxe4 31. Bxe4 Re8 32. Bd5 Re1+ 33. Kh2
Ba3 {The endgame is objectively drawish, though black has a slight edge thanks
to superior pawn structure.} 34. Bb3 f5 35. Rd2 Kf6 36. g3 Bc5 37. Kg2 g5 38.
Bc2 Rc1 39. a4 g4 $6 ({After} 39... h5 {black could still torture his opponent
for some time...}) 40. a5 $1 {This small tactical trick leads to a forced draw.
} bxa5 41. Bxf5 a4 (41... Kxf5 42. Rd5+ Kf6 43. Rxc5 $11) 42. Bxg4 a3 43. Bf3
Rxc3 44. Bd5 {[%csl Ya2][%cal Yd2a2,Yd5a2] Black can not make any progress.}
Rc1 1/2-1/2

[Event "RUS-ch sf 58th"]
[Site "Kazan"]
[Date "2005.09.04"]
[Round "2"]
[White "Khalifman, Alexander"]
[Black "Vorobiov, Evgeny E"]
[Result "1-0"]
[WhiteElo "2653"]
[BlackElo "2552"]
[Annotator "Postny,E"]
[PlyCount "57"]
[EventDate "2005.09.03"]
[EventType "swiss"]
[EventRounds "9"]
[EventCountry "RUS"]
[SourceTitle "CBM 109"]
[Source "ChessBase"]
[SourceDate "2005.11.14"]
[SourceVersion "1"]
[SourceVersionDate "2005.11.14"]
[SourceQuality "1"]

1. d4 d5 2. Nf3 e6 3. g3 {This move is obviously less principled than the
common 3.c4.} b5 $5 {Quite a playable move, fianchetting the light-squared
bishop and preventing the c2-c4 advance for a while.} 4. Bg2 ({White achieves
nothing after} 4. a4 b4) 4... Nf6 5. O-O (5. c3 c5 6. Bg5 Nbd7 7. a4 Qb6 8. O-O
Ne4 9. Bf4 Be7 10. Nbd2 Ndf6 11. Nxe4 Nxe4 12. Nd2 Nxd2 13. Qxd2 cxd4 14. a5
Qa6 15. cxd4 O-O 16. Rfc1 Bb7 17. Rc7 Bd8 18. Rc5 Be7 $10 {1/2-1/2 Keene,
R-Romanishin,O/Amsterdam 1973}) (5. a4 b4 6. c4 bxc3 7. bxc3 Ba6 8. O-O Nbd7 9.
Na3 Rb8 10. Qc2 Be7 11. Re1 O-O 12. Ne5 Nxe5 13. dxe5 Nd7 14. e4 c6 15. c4 d4
16. f4 Qa5 17. Rd1 Nc5 18. Bd2 Qxa4 $17 {Huster,M-Teske,H/Dresden 1995}) 5...
Be7 ({Another playable alternative is} 5... c5 {which appeared in practice as
well.}) 6. b3 {Preparing c2-c4.} (6. a4 b4 7. Nbd2 O-O 8. Ne5 c5 9. dxc5 Bxc5
10. e4 Ba6 11. Re1 Qb6 12. Qf3 Nc6 13. Nxc6 Qxc6 14. exd5 Nxd5 15. c4 bxc3 16.
bxc3 Qc7 17. c4 Nb4 18. Bb2 Rad8 19. Ne4 Bd4 20. Bxd4 Rxd4 21. c5 Nc2 22. Red1
Rxe4 23. Qxe4 Nxa1 24. Rxa1 Qxc5 $17 {Ribli,Z-Luther,T/Tilburg 1994}) 6... Bb7
(6... Ba6 $5 {preventing c2-c4. See the annotated game Atalik,S-Luther,T/
Hastings 1996/CBM 051 [Stohl]}) 7. c4 bxc4 8. bxc4 dxc4 9. Na3 (9. Qa4+ Nbd7
10. Ne5 Bxg2 11. Kxg2 O-O 12. Nc6 Qe8 13. Nxe7+ Qxe7 14. Ba3 c5 15. Qxc4 Rfc8
$11 {1/2-1/2 Brunner,L-Klovans,J/Germany 1997/EXT 99 (32)}) 9... O-O $146 (9...
Nbd7 10. Nxc4 O-O 11. Bf4 Nb6 12. Na5 Be4 13. Qc1 Bd6 14. Nc6 Bxf4 15. gxf4 Qd6
16. Nce5 Rac8 17. Rd1 c5 18. Qa3 Qc7 $11 {1/2-1/2 Hoover,N-Murray,R/USA 1997/
EXT 2001 (29)}) 10. Nxc4 {The arisen position is typical for the Catalan
opening.} c5 $11 11. dxc5 Bxc5 {It can be concluded that Black has solved his
opening problems.} 12. Bb2 Nbd7 13. Rc1 Bd5 (13... Qe7 $11 {[%cal Gf8d8,Ga8c8]}
) 14. Nfe5 Bxg2 15. Kxg2 Nxe5 16. Bxe5 Qe7 17. Qb3 $1 {It is important to
prevent Black to occupy the long diagonal by Qe7-b7+.} Rfc8 18. Rc2 Qd7 $5 (
18... Nd5 $11) 19. Rfc1 (19. Bxf6 gxf6 {is actually harmless for black. White
does not have enough pieces to make use of the doubled pawns.}) 19... Bd4 $4 {
It's quite instructive that one inaccurate slip is enough to lose the game in
such a symmetrical position.} ({After} 19... Qd5+ $6 20. Qf3 Qxf3+ 21. Kxf3 Be7
22. Na5 Rxc2 23. Rxc2 {Black faces problems, since White's pieces are much
more active.}) ({But,} 19... Be7 {was perfectly playable. Black is only very
slightly worse and should equalize soon.}) {[%tqu "En","Find the winning move
for White.","","","b3f3","White covered the diagonal h1-a8 and now threatening
to pin the bishop along the 'd' file. Therefore, black's reply is forced.",10]}
20. Qf3 $1 {White covered the diagonal h1-a8 and is now threatening to pin the
bishop along the d-file. Therefore, Black's reply is forced.} Bxe5 21. Nxe5 Qe8
22. Rc7 $18 {[%csl Rf7] That's all. Black loses the Pf7 without any
compensation.} h6 23. Nxf7 Rxc7 24. Rxc7 Nd5 25. Rb7 Qc6 26. Nxh6+ $1 Kh7 (
26... gxh6 27. Qg4+ {mating.}) 27. Qe4+ Kh8 28. Nf7+ Kg8 29. Ng5 (29. Ng5 Qxb7
30. Qh7+ Kf8 31. Qh8+ Ke7 32. Qxg7+ $18 {[%cal Gg7b7]}) 1-0